<?xml version="1.0" encoding="UTF-8"?>
<record
    xmlns:xsi="http://www.w3.org/2001/XMLSchema-instance"
    xsi:schemaLocation="http://www.loc.gov/MARC21/slim http://www.loc.gov/standards/marcxml/schema/MARC21slim.xsd"
    xmlns="http://www.loc.gov/MARC21/slim">

  <leader>00485nam a22001697a 4500</leader>
  <datafield tag="999" ind1=" " ind2=" ">
    <subfield code="c">17937</subfield>
    <subfield code="d">17937</subfield>
  </datafield>
  <controlfield tag="008">191004b        xxu||||| |||| 00| 0 eng d</controlfield>
  <datafield tag="020" ind1=" " ind2=" ">
    <subfield code="a">1446207352</subfield>
  </datafield>
  <datafield tag="040" ind1=" " ind2=" ">
    <subfield code="a">KABU</subfield>
    <subfield code="c">KABU</subfield>
  </datafield>
  <datafield tag="050" ind1=" " ind2=" ">
    <subfield code="a">PN4784</subfield>
    <subfield code="b">.H55 2014 c. 1</subfield>
  </datafield>
  <datafield tag="100" ind1=" " ind2=" ">
    <subfield code="a">Hill, Steve</subfield>
  </datafield>
  <datafield tag="245" ind1=" " ind2=" ">
    <subfield code="a">Online journalism</subfield>
    <subfield code="b">the essential guide</subfield>
    <subfield code="c">Steve Hill and Paul Lashmar</subfield>
  </datafield>
  <datafield tag="260" ind1=" " ind2=" ">
    <subfield code="a">Los Angeles</subfield>
    <subfield code="b">SAGE</subfield>
    <subfield code="c">2014</subfield>
  </datafield>
  <datafield tag="300" ind1=" " ind2=" ">
    <subfield code="a">xiv, 290 p.</subfield>
  </datafield>
  <datafield tag="650" ind1=" " ind2=" ">
    <subfield code="a">Online journalism</subfield>
  </datafield>
  <datafield tag="700" ind1=" " ind2=" ">
    <subfield code="a">Lashmar, Paul</subfield>
  </datafield>
  <datafield tag="942" ind1=" " ind2=" ">
    <subfield code="2">lcc</subfield>
    <subfield code="c">BK</subfield>
    <subfield code="h">PN4784</subfield>
  </datafield>
  <datafield tag="952" ind1=" " ind2=" ">
    <subfield code="0">0</subfield>
    <subfield code="1">0</subfield>
    <subfield code="2">lcc</subfield>
    <subfield code="7">0</subfield>
    <subfield code="a">KABU</subfield>
    <subfield code="b">KABU</subfield>
    <subfield code="d">2019-10-04</subfield>
    <subfield code="g">3128.40</subfield>
    <subfield code="l">1</subfield>
    <subfield code="o">PN4784 .H55 2014 c. 1</subfield>
    <subfield code="p">023729</subfield>
    <subfield code="r">2023-11-29 15:32:54</subfield>
    <subfield code="s">2023-11-28</subfield>
    <subfield code="t">c. 1</subfield>
    <subfield code="w">2019-10-04</subfield>
    <subfield code="y">BK</subfield>
  </datafield>
  <datafield tag="952" ind1=" " ind2=" ">
    <subfield code="0">0</subfield>
    <subfield code="1">0</subfield>
    <subfield code="2">lcc</subfield>
    <subfield code="7">0</subfield>
    <subfield code="a">KABU</subfield>
    <subfield code="b">KABU</subfield>
    <subfield code="d">2019-10-04</subfield>
    <subfield code="g">3128.40</subfield>
    <subfield code="l">1</subfield>
    <subfield code="o">PN4784 .H55 2014 c. 2</subfield>
    <subfield code="p">023840</subfield>
    <subfield code="r">2023-11-29 15:32:06</subfield>
    <subfield code="s">2023-11-28</subfield>
    <subfield code="t">c. 2</subfield>
    <subfield code="w">2019-10-04</subfield>
    <subfield code="y">BK</subfield>
  </datafield>
</record>
